Focus sur: Graham Montague - Harry Potter - Statistiques

Statistiques générales
  • Ce quiz a été pris 45 fois
  • Le résultat moyen est 6 sur 6
Statistiques - réponses
Informations recherchées Réponses % Correct
Lieu de rencontre avec Harry Potter Poudlard
100%
Ecole fréquentée Poudlard
100%
Poste occupé au Quidditch Poursuiveur
100%
Maison fréquentée Serpentard
100%
Couleur des cheveux Brun
95%
Première apparition Harry Potter et le prisonnier d'Azkaban
93%
Aucun quiz correspondant
Distribution des résultats
% des personnes avec chaque résultat
Percentile par nombre de réponses
Votre historique - résultats
Vous n’avez pas pris ce quiz